LDR 01193nam a2200289 4500 001 000000367452 003 CaOOAMICUS 005 20260427143308.0 008 260427s2026 it 000 u ita r 020 $a978-88-929872-7-2 040 $aSeMil$bita 100 1 $aCeriotti Migliarese, Mariolina.$0(OLS)http://semarc/name/79314 245 12$aL'anello che manca :$bliberare le relazioni /$cMariolina Ceriotti Migliarese ; invito alla lettura di don Paolo Alliata. 264 1$aMilano :$bAres,$c2026. 300 $a115 p. ;$c17 cm 490 1 $aFuochi 650 4$aCristianesimo.$0(OLS)http://semarc/subject/425 700 1 $aAlliata, Paolo,$c
.$0(OLS)http://semarc/name/14442 830 0$aFuochi.$0(OLS)http://semarc/title/6314 850 $aSeMil 852 $aSeMil$W1$xVenegono$y1$m2C I 826$j271045$B258149$CSeMilBibl$Z2$F258149 $81 941 1 $a7 961 $aOmaggio mons. Mario Delpini 996 $6020$a978-88-929872-7-2$9(OLS)http://semarc/number/305745 996 $6245$aL'anello che manca :$bliberare le relazioni$9(OLS)http://semarc/title/459389 996 $6264$aMilano :$bAres$9(OLS)http://semarc/publisher/30250